| 000 | 02288cam a2200457 i 4500 | ||
|---|---|---|---|
| 001 | 19275537 | ||
| 003 | OSt | ||
| 005 | 20260123115012.0 | ||
| 008 | 160915s2017 maua 000 0aeng | ||
| 010 | _a 2016042386 | ||
| 020 |
_a9780807067994 _qpbk. : alk. paper |
||
| 035 | _a19275537 | ||
| 040 |
_aDLC _beng _cAMIU _erda _dDLC |
||
| 041 | 1 |
_aeng _hger |
|
| 042 | _apcc | ||
| 043 | _ae-au--- | ||
| 050 | 0 | 0 |
_aD810 _b.J4 F73 2020 |
| 100 | 1 |
_aFrankl, Viktor E. _q(Viktor Emil), _d1905-1997, _eauthor. |
|
| 240 | 1 | 0 |
_aPsycholog erlebt das Konzentrationslager. _lEnglish |
| 245 | 1 | 0 |
_aMan's search for meaning / _cViktor E. Frankl ; foreword by John Boyne ; afterword by William J. Winslade. |
| 250 | _aYoung readers edition. | ||
| 264 | 1 |
_aBoston : _bBeacon Press _cC2020 |
|
| 300 |
_axvii, 159 p.: _billustrations ; _c23 cm |
||
| 336 |
_atext _btxt _2rdacontent |
||
| 337 |
_aunmediated _bn _2rdamedia |
||
| 338 |
_avolume _bnc _2rdacarrier |
||
| 500 | _aFirst published in Germany in 1946 as Trotzdem Ja zum Leben sagen: Ein Psychologe erlebt das Konzentrationslager ("Saying yes to life in spite of everything: a psychologist experiences the Concentration Camp"). First English-language edition published as From Death-Camp to Existentialism: A Psychiatrist's Path to a New Therapy (Boston: Beacon Press, 1959). | ||
| 583 |
_aCatalography: _c20260123 _kSTAMIU-0199STAMIU-0199 |
||
| 600 | 1 | 0 |
_aFrankl, Viktor E. _q(Viktor Emil), _d1905-1997. |
| 650 | 0 |
_aHolocaust, Jewish (1939-1945) _vPersonal narratives. |
|
| 650 | 0 |
_aHolocaust, Jewish (1939-1945) _xPsychological aspects. |
|
| 650 | 0 |
_aPsychologists _zAustria _vBiography. |
|
| 650 | 0 | _aLogotherapy. | |
| 655 | 7 |
_aPersonal narratives. _2lcgft _0https://id.loc.gov/authorities/genreForms/gf2014026142 |
|
| 655 | 7 |
_aBiographies. _2lcgft _0https://id.loc.gov/authorities/genreForms/gf2014026049 |
|
| 776 | 0 | 8 |
_iOnline version: _aFrankl, Viktor E. (Viktor Emil), 1905-1997, author. _tMan's search for meaning _dBoston : Beacon Press books, 2017 _z9780807067550 _w(DLC) 2016042918 |
| 906 |
_a7 _bcbc _corignew _d1 _eecip _f20 _gy-gencatlg |
||
| 942 |
_2lcc _cFIC _n0 |
||
| 999 |
_c22336 _d22336 |
||